000
00252nam a2200109Ia 4500
008
201231s9999 xx 000 0 und d
100
_a
Hodges, Susan
245
0
_a
Law of the Marine Insurance
260
_a
Engkand
_b
Cavendish
300
_a
0
942
_c
BK
999
_c
9890
_d
9890